[Event "Purtichju op 10th"]
[Site "Porticcio"]
[Date "2025.07.03"]
[Round "8"]
[White "Bogdanov, Egor"]
[Black "Ragnarsson, Dagur"]
[Result "1/2-1/2"]
[WhiteElo "2515"]
[BlackElo "2365"]
[PlyCount "117"]
[EventDate "2025.06.28"]
[EventType "swiss"]
[EventRounds "9"]
[EventCountry "FRA"]
[SourceTitle "CB29_2025"]
[SourceDate "2025.07.16"]
[SourceVersion "1"]
[SourceVersionDate "2025.07.16"]
[SourceQuality "1"]

1. e4 e5 2. Nf3 Nf6 3. d4 Nxe4 4. Bd3 d5 5. Nxe5 Bd6 6. Nc3 Nxc3 7. bxc3 Nd7 8. 0-0 0-0 9. Re1 c5 10. Qf3 c4 11. Bf5 Nxe5 12. dxe5 Bxf5 13. exd6 Be4 14. Qg3 Re8 15. Ba3 Re6 16. f3 Bxc2 17. Rxe6 fxe6 18. Bc5 Ba4 19. Re1 Bd7 20. Bd4 Qf8 21. h4 Qf7 22. h5 h6 23. Be5 Kh7 24. Kf2 Rg8 25. Rh1 Qf5 26. Rh4 Be8 27. Rg4 g5 28. hxg6+ Rxg6 29. Rxg6 Qc2+ 30. Kg1 Qb1+ 31. Kh2 Qxg6 32. Qf4 Qh5+ 33. Kg1 Qf5 34. Qd4 b6 35. Bf4 h5 36. Be5 Kg8 37. Bh8 Qh7 38. Qf6 Qf7 39. Qh6 Qf8 40. Qxe6+ Kxh8 41. d7 Bxd7 42. Qxd7 Qc5+ 43. Kh2 b5 44. f4 Qf2 45. Qe8+ Kg7 46. Qe7+ Kg8 47. Qg5+ Kf8 48. f5 h4 49. Qf6+ Kg8 50. Qe6+ Kf8 51. Qf6+ Ke8 52. Qe5+ Kf8 53. Qd6+ Ke8 54. Qe6+ Kf8 55. Qd6+ Ke8 56. Qe6+ Kf8 57. Qf6+ Ke8 58. Qe6+ Kf8 59. Qf6+ 1/2-1/2

[Event "Katowice rapid op"]
[Site "Katowice"]
[Date "2025.05.31"]
[Round "1"]
[White "Olbrycht, Hubert"]
[Black "Bogdanov, Egor"]
[Result "0-1"]
[WhiteElo "1783"]
[BlackElo "2382"]
[PlyCount "112"]
[EventDate "2025.05.31"]
[EventType "swiss"]
[EventRounds "11"]
[EventCountry "POL"]
[SourceTitle "CB24_2025"]
[SourceDate "2025.06.11"]
[SourceVersion "1"]
[SourceVersionDate "2025.06.11"]
[SourceQuality "1"]

1. e4 c5 2. Nf3 g6 3. d4 Bg7 4. dxc5 Qa5+ 5. Bd2 Qxc5 6. Nc3 Nf6 7. Bd3 0-0 8. 0-0 d6 9. h3 Qb6 10. Rb1 Nc6 11. Be3 Qc7 12. Ne2 Bd7 13. c4 Nb4 14. a3 Nxd3 15. Qxd3 Rac8 16. b3 a6 17. Rbc1 Qb8 18. b4 Rfd8 19. Bb6 Re8 20. Nf4 Bc6 21. Nd5 Nd7 22. Be3 e6 23. Nc3 Ne5 24. Nxe5 Bxe5 25. f4 Bg7 26. f5 exf5 27. exf5 Qc7 28. Nd5 Bxd5 29. cxd5 Qd7 30. f6 Rxc1 31. Bxc1 Bf8 32. Bb2 h5 33. Kh1 Kh7 34. Qc3 Bh6 35. Bc1 Rc8 36. Qb2 Qb5 37. Rd1 Qa4 38. Re1 Rc2 39. Qb1 Bxc1 40. Rxc1 Rd2 41. Qe4 Qxa3 42. Rc7 Qa1+ 43. Kh2 Qxf6 44. Rxb7 Kg7 45. Rb6 Rd4 46. Qf3 Qe5+ 47. Qg3 Rxd5 48. Rxa6 Rd3 49. Qxe5+ dxe5 50. Rc6 Rb3 51. Rc4 f5 52. Rc5 e4 53. b5 h4 54. Kg1 Rb2 55. Re5 Kf6 56. Rc5 Kg5 0-1

[Event "Tartu Rapid op"]
[Site "Tartu"]
[Date "2025.04.24"]
[Round "10"]
[White "Blomqvist, Erik"]
[Black "Bogdanov, Egor"]
[Result "1-0"]
[WhiteElo "2453"]
[BlackElo "2515"]
[PlyCount "87"]
[EventDate "2025.04.24"]
[EventType "swiss (rapid)"]
[EventRounds "11"]
[EventCountry "EST"]
[SourceTitle "CB20_2025"]
[SourceDate "2025.05.14"]
[SourceVersion "1"]
[SourceVersionDate "2025.05.14"]
[SourceQuality "1"]

1. e4 c5 2. Nc3 a6 3. Nf3 e6 4. d4 cxd4 5. Nxd4 Qc7 6. Bd3 Nf6 7. Qe2 Nc6 8. Nxc6 Qxc6 9. Bd2 b5 10. e5 Nd5 11. Nxd5 exd5 12. 0-0-0 Bb7 13. Kb1 Rc8 14. h4 Be7 15. Bg5 Bc5 16. Rh3 h6 17. Bd2 d4 18. Rg3 g6 19. f4 Kd8 20. h5 gxh5 21. Qxh5 Kc7 22. Qxf7 Kb8 23. f5 Rcf8 24. Qh5 Qd5 25. Re1 Re8 26. f6 Ka7 27. Rg7 Re6 28. a3 Kb6 29. f7 Rf8 30. Rg8 Ka7 31. Bb4 Rc6 32. Rxf8 Bxf8 33. Bxf8 Rf6 34. Be4 Qxf7 35. Qxf7 Rxf7 36. Bxb7 Rxf8 37. Bf3 Kb6 38. Rh1 Rh8 39. Rh4 Kc5 40. b4+ Kc4 41. Kb2 a5 42. c3 axb4 43. Rxd4+ Kc5 44. axb4+ 1-0

[Event "Wachtebeke"]
[Site "Wachtebeke"]
[Date "2025.03.05"]
[Round "8"]
[White "Bogdanov, Egor"]
[Black "Johnson, Donald"]
[Result "1/2-1/2"]
[WhiteElo "2503"]
[BlackElo "2326"]
[PlyCount "44"]
[EventDate "2025.03.01"]
[EventType "tourn"]
[EventRounds "9"]
[EventCountry "BEL"]
[EventCategory "3"]
[SourceTitle "CB11_2025"]
[SourceDate "2025.03.12"]
[SourceVersion "1"]
[SourceVersionDate "2025.03.12"]
[SourceQuality "1"]

1. e4 c5 2. Nf3 d6 3. Bb5+ Nd7 4. d4 cxd4 5. Nxd4 Ngf6 6. 0-0 a6 7. Bd3 e5 8. Nf3 Nc5 9. Re1 Be6 10. c4 Be7 11. Nc3 Nxd3 12. Qxd3 h6 13. b3 0-0 14. a4 Rc8 15. Ba3 Nd7 16. Nd5 Nc5 17. Bxc5 Rxc5 18. b4 Rc8 19. a5 Bxd5 20. Qxd5 Rc6 21. Rec1 Qc7 22. Ra3 Rc8 1/2-1/2

[Event "Wachtebeke"]
[Site "Wachtebeke"]
[Date "2025.03.04"]
[Round "6"]
[White "Bogdanov, Egor"]
[Black "Larkin, Vladislav"]
[Result "1/2-1/2"]
[WhiteElo "2503"]
[BlackElo "2437"]
[PlyCount "34"]
[EventDate "2025.03.01"]
[EventType "tourn"]
[EventRounds "9"]
[EventCountry "BEL"]
[EventCategory "3"]
[SourceTitle "CB11_2025"]
[SourceDate "2025.03.12"]
[SourceVersion "1"]
[SourceVersionDate "2025.03.12"]
[SourceQuality "1"]

1. d4 d5 2. Bg5 f6 3. Bc1 Nc6 4. Nf3 Bf5 5. e3 Qd7 6. c4 e6 7. Be2 g5 8. a3 Nge7 9. b4 a6 10. Nc3 Ng6 11. h3 h5 12. Bd3 Nce7 13. e4 dxe4 14. Nxe4 Bxe4 15. Bxe4 c6 16. g3 Bg7 17. Bb2 f5 1/2-1/2

[Event "Wachtebeke"]
[Site "Wachtebeke"]
[Date "2025.03.01"]
[Round "1"]
[White "Bogdanov, Egor"]
[Black "Dgebuadze, Alexandre"]
[Result "1/2-1/2"]
[WhiteElo "2503"]
[BlackElo "2417"]
[PlyCount "26"]
[EventDate "2025.03.01"]
[EventType "tourn"]
[EventRounds "9"]
[EventCountry "BEL"]
[EventCategory "3"]
[SourceTitle "CB11_2025"]
[SourceDate "2025.03.12"]
[SourceVersion "1"]
[SourceVersionDate "2025.03.12"]
[SourceQuality "1"]

1. e4 e6 2. d4 d5 3. exd5 exd5 4. Nf3 Nf6 5. Bd3 Bd6 6. 0-0 0-0 7. Bg5 Bg4 8. Re1 h6 9. Bh4 Nbd7 10. Nbd2 c6 11. c3 Qc7 12. Qc2 Rae8 13. h3 Qd8 1/2-1/2

[Event "Krakow op-A 35th"]
[Site "Krakow"]
[Date "2025.01.02"]
[Round "7"]
[White "Anwesh, Upadhyaya"]
[Black "Bogdanov, Egor"]
[Result "1/2-1/2"]
[WhiteElo "2379"]
[BlackElo "2493"]
[PlyCount "20"]
[EventDate "2024.12.27"]
[EventType "swiss"]
[EventRounds "9"]
[EventCountry "POL"]
[SourceTitle "CB02_2025"]
[SourceDate "2025.01.08"]
[SourceVersion "1"]
[SourceVersionDate "2025.01.08"]
[SourceQuality "1"]

1. e4 c6 2. d4 d5 3. exd5 cxd5 4. Bd3 Nf6 5. c3 Nc6 6. Nf3 g6 7. 0-0 Bg7 8. Bf4 0-0 9. h3 Re8 10. Nbd2 Nh5 1/2-1/2

[Event "Krakow op-A 35th"]
[Site "Krakow"]
[Date "2024.12.30"]
[Round "4"]
[White "Bogdanov, Egor"]
[Black "Signorelli, Gaetano"]
[Result "1-0"]
[WhiteElo "2493"]
[BlackElo "2208"]
[PlyCount "167"]
[EventDate "2024.12.27"]
[EventType "swiss"]
[EventRounds "9"]
[EventCountry "POL"]
[SourceTitle "CB02_2025"]
[SourceDate "2025.01.08"]
[SourceVersion "1"]
[SourceVersionDate "2025.01.08"]
[SourceQuality "1"]

1. e4 c5 2. Nf3 Nc6 3. d4 cxd4 4. Nxd4 e5 5. Nb5 d6 6. N1c3 a6 7. Na3 Be7 8. Nd5 Nf6 9. Nxf6+ Bxf6 10. Nc4 0-0 11. c3 b5 12. Nxd6 Be6 13. Nf5 Qa5 14. Ne3 Rfd8 15. Bd2 Qb6 16. Be2 Rd7 17. Bf3 Rad8 18. Nd5 Bxd5 19. exd5 Ne7 20. 0-0 Nxd5 21. Qb3 Qc7 22. a4 Nb6 23. axb5 Rxd2 24. bxa6 Be7 25. Qb5 f5 26. Bc6 R2d6 27. Bb7 Bf6 28. Rfc1 Qd7 29. Qb3+ Kh8 30. g3 e4 31. Ra5 e3 32. fxe3 Bg5 33. Re1 Qe7 34. Rxf5 Bxe3+ 35. Kh1 Rf6 36. Rxf6 Qxf6 37. Bg2 Bc5 38. Qb5 Qf8 39. b4 Be3 40. a7 Bd2 41. Rf1 Qd6 42. Rd1 Qe6 43. Qc5 h6 44. Qf2 Qb3 45. Rf1 Qe6 46. a8Q Nxa8 47. Bxa8 Bxc3 48. Bg2 Bxb4 49. Rb1 Bc3 50. Qc2 Qg4 51. Rf1 Bf6 52. Qc7 Rd1 53. Qb8+ Kh7 54. Qb5 Rxf1+ 55. Qxf1 Kg8 56. Bd5+ Kf8 57. Qb1 Qd7 58. Qb4+ Qe7 59. Qb5 g6 60. Qb8+ Qe8 61. Qb1 Kg7 62. Be4 Qf7 63. Qd3 Be5 64. Bd5 Qe7 65. Kg2 Bf6 66. Qa6 Qd7 67. Qa8 Qd8 68. Qc6 Qe7 69. Bc4 h5 70. Qd5 Kh6 71. Bd3 Kg7 72. Qa8 Qe3 73. Qb7+ Kh6 74. Qa6 Qd4 75. Qc6 Qxd3 76. Qxf6 Qe2+ 77. Qf2 Qxf2+ 78. Kxf2 Kg5 79. Kf3 h4 80. g4 Kf6 81. Kf4 Ke6 82. Kg5 Ke5 83. Kxg6 Kf4 84. Kh5 1-0

[Event "Krakow op-A 35th"]
[Site "Krakow"]
[Date "2024.12.29"]
[Round "3"]
[White "Ernst, Robert"]
[Black "Bogdanov, Egor"]
[Result "1-0"]
[WhiteElo "2338"]
[BlackElo "2493"]
[PlyCount "91"]
[EventDate "2024.12.27"]
[EventType "swiss"]
[EventRounds "9"]
[EventCountry "POL"]
[SourceTitle "CB02_2025"]
[SourceDate "2025.01.08"]
[SourceVersion "1"]
[SourceVersionDate "2025.01.08"]
[SourceQuality "1"]

1. e4 e6 2. d4 d5 3. Nc3 Bb4 4. Nge2 dxe4 5. a3 Be7 6. Nxe4 Nf6 7. N2g3 Nbd7 8. Bd3 Nxe4 9. Nxe4 Nf6 10. 0-0 Bd7 11. Re1 Bc6 12. Nxf6+ Bxf6 13. c3 0-0 14. Bf4 Re8 15. Qg4 g6 16. Re3 Qd7 17. Rae1 Rad8 18. Qg3 Rc8 19. h4 Bb5 20. c4 Bc6 21. Be5 Bxe5 22. dxe5 b5 23. cxb5 Bxb5 24. Bb1 Kg7 25. h5 Qe7 26. Rf3 Red8 27. Rf6 Be8 28. Kh2 Rd4 29. Re3 Qc5 30. Qg5 h6 31. Qg3 g5 32. f4 Bc6 33. Rxh6 Rg8 34. Qxg5+ Kf8 35. Rg6 fxg6 36. Qf6+ Ke8 37. Qxe6+ Kf8 38. Qf6+ Ke8 39. Bxg6+ Rxg6 40. hxg6 Rd2 41. Qf7+ Kd8 42. Rd3+ Rxd3 43. g7 Kc8 44. g8Q+ Kb7 45. Qc4 Rh3+ 46. Kxh3 1-0

[Event "Pozarevac Rudar IM2 12"]
[Site "Pozarevac"]
[Date "2024.12.17"]
[Round "9"]
[White "Bogdanov, Egor"]
[Black "Shah, Vishwa"]
[Result "1-0"]
[WhiteElo "2493"]
[BlackElo "2127"]
[PlyCount "55"]
[EventDate "2024.12.10"]
[EventType "tourn"]
[EventRounds "9"]
[EventCountry "SRB"]
[SourceTitle "CB04_2025"]
[SourceDate "2025.01.22"]
[SourceVersion "1"]
[SourceVersionDate "2025.01.22"]
[SourceQuality "1"]

1. e4 c5 2. Nf3 d6 3. Bb5+ Nd7 4. d4 cxd4 5. Nxd4 Ngf6 6. 0-0 a6 7. Bd3 Nc5 8. Re1 g6 9. c4 Bg7 10. Nc3 0-0 11. Bf1 Bd7 12. Rb1 Rc8 13. b3 Ne6 14. Bb2 Nxd4 15. Qxd4 Ng4 16. Qd2 Bc6 17. h3 Ne5 18. Nd5 b5 19. cxb5 Bxb5 20. Bxb5 axb5 21. Rbc1 Ra8 22. f4 Nd7 23. Bxg7 Kxg7 24. Rc7 e6 25. Qc3+ f6 26. Nb6 Ra7 27. Rxa7 Qxb6+ 28. Qe3 1-0

[Event "Pozarevac Rudar IM2 12"]
[Site "Pozarevac"]
[Date "2024.12.16"]
[Round "8"]
[White "Lazic, Miroljub"]
[Black "Bogdanov, Egor"]
[Result "1/2-1/2"]
[WhiteElo "2315"]
[BlackElo "2493"]
[PlyCount "34"]
[EventDate "2024.12.10"]
[EventType "tourn"]
[EventRounds "9"]
[EventCountry "SRB"]
[SourceTitle "CB04_2025"]
[SourceDate "2025.01.22"]
[SourceVersion "1"]
[SourceVersionDate "2025.01.22"]
[SourceQuality "1"]

1. Nf3 Nf6 2. g3 g6 3. Bg2 Bg7 4. 0-0 0-0 5. d4 d6 6. Nc3 d5 7. Re1 c6 8. e4 dxe4 9. Nxe4 Nbd7 10. Qe2 Nxe4 11. Qxe4 Re8 12. Qh4 Nf6 13. Ne5 Bf5 14. c3 Nd7 15. Nxd7 Qxd7 16. Bh6 Bh8 17. h3 Be6 1/2-1/2

[Event "Pozarevac Rudar IM2 12"]
[Site "Pozarevac"]
[Date "2024.12.15"]
[Round "6"]
[White "Dumanuly, Sultanbeibarys"]
[Black "Bogdanov, Egor"]
[Result "1/2-1/2"]
[WhiteElo "2218"]
[BlackElo "2493"]
[PlyCount "116"]
[EventDate "2024.12.10"]
[EventType "tourn"]
[EventRounds "9"]
[EventCountry "SRB"]
[SourceTitle "CB04_2025"]
[SourceDate "2025.01.22"]
[SourceVersion "1"]
[SourceVersionDate "2025.01.22"]
[SourceQuality "1"]

1. e4 e6 2. d4 d5 3. Nd2 Nf6 4. e5 Nfd7 5. Bd3 c5 6. c3 Nc6 7. Ne2 cxd4 8. cxd4 f6 9. exf6 Nxf6 10. Nf3 Bd6 11. 0-0 0-0 12. Bf4 Bxf4 13. Nxf4 Ng4 14. Qd2 Qd6 15. g3 e5 16. dxe5 Ngxe5 17. Be4 d4 18. Rad1 Bf5 19. Bxc6 Nxc6 20. Nxd4 Rad8 21. Nf3 Qxd2 22. Rxd2 Ne5 23. Rxd8 Nxf3+ 24. Kg2 Rxd8 25. Kxf3 g5 26. g4 Rd4 27. gxf5 Rxf4+ 28. Kg3 Rxf5 29. Kg4 Rd5 30. Rc1 Kf7 31. Rc7+ Kg6 32. Rxb7 Rd3 33. f3 h5+ 34. Kg3 h4+ 35. Kg2 Rd2+ 36. Kh3 Rf2 37. Rxa7 Rxf3+ 38. Kg2 Rd3 39. h3 Rd2+ 40. Kg1 Rxb2 41. Ra4 Kf5 42. Kh1 Rc2 43. Kg1 Rc3 44. Kg2 Rg3+ 45. Kh2 Ke5 46. Rb4 Ra3 47. Rb5+ Kf4 48. Rb4+ Kf5 49. Rb5+ Kg6 50. Rb6+ Kf7 51. Rb7+ Ke6 52. Rb6+ Kd7 53. Rb2 Kd6 54. Rb5 Rxa2+ 55. Kh1 Ra3 56. Rxg5 Rxh3+ 57. Kg2 Rg3+ 58. Rxg3 h3+ 1/2-1/2

[Event "Pozarevac Rudar IM2 12"]
[Site "Pozarevac"]
[Date "2024.12.11"]
[Round "2"]
[White "Petrovic, Aleksa"]
[Black "Bogdanov, Egor"]
[Result "1/2-1/2"]
[WhiteElo "2219"]
[BlackElo "2493"]
[PlyCount "97"]
[EventDate "2024.12.10"]
[EventType "tourn"]
[EventRounds "9"]
[EventCountry "SRB"]
[SourceTitle "CB04_2025"]
[SourceDate "2025.01.22"]
[SourceVersion "1"]
[SourceVersionDate "2025.01.22"]
[SourceQuality "1"]

1. d4 Nf6 2. Nf3 e6 3. g3 d5 4. Bg2 c5 5. c4 Nc6 6. 0-0 h6 7. cxd5 exd5 8. Nc3 Be6 9. b3 Be7 10. Bb2 0-0 11. dxc5 Bxc5 12. Rc1 Qe7 13. Nb5 Ne4 14. Nfd4 Nxd4 15. Bxd4 b6 16. b4 Bxb4 17. Rc7 Qg5 18. Rxa7 Rxa7 19. Nxa7 Bc5 20. Nb5 Ra8 21. a4 Qd2 22. Qxd2 Nxd2 23. Rd1 Rxa4 24. Bxc5 bxc5 25. Nc3 Rd4 26. e3 Rd3 27. Nb1 c4 28. Nxd2 c3 29. Bf3 c2 30. Rc1 Rxd2 31. Kf1 d4 32. e4 Bb3 33. Ke1 Rd3 34. Be2 Rc3 35. Kd2 f5 36. exf5 Kf7 37. Bd3 Kf6 38. f4 h5 39. h3 Bc4 40. Bxc4 Rxc4 41. Rxc2 Rxc2+ 42. Kxc2 Kxf5 43. Kd3 h4 44. gxh4 Kxf4 45. Kxd4 Kg3 46. Ke5 Kxh3 47. Kf5 Kxh4 48. Kg6 Kg4 49. Kxg7 1/2-1/2

[Event "Pozarevac Rudar IM2 12"]
[Site "Pozarevac"]
[Date "2024.12.10"]
[Round "1"]
[White "Tan, Zhong Kai"]
[Black "Bogdanov, Egor"]
[Result "0-1"]
[WhiteElo "2105"]
[BlackElo "2493"]
[PlyCount "120"]
[EventDate "2024.12.10"]
[EventType "tourn"]
[EventRounds "9"]
[EventCountry "SRB"]
[SourceTitle "CB04_2025"]
[SourceDate "2025.01.22"]
[SourceVersion "1"]
[SourceVersionDate "2025.01.22"]
[SourceQuality "1"]

1. e4 c5 2. Nf3 d6 3. Bb5+ Bd7 4. Bxd7+ Nxd7 5. 0-0 Ngf6 6. d3 g6 7. Nc3 Bg7 8. a4 0-0 9. Ng5 h6 10. Nh3 a6 11. f4 Rb8 12. f5 g5 13. Nf2 Ne5 14. Nd5 Nxd5 15. exd5 e6 16. dxe6 fxe6 17. fxe6 Qe7 18. c3 Qxe6 19. Bd2 Rf7 20. Qc2 Rbf8 21. Rae1 Qf5 22. Qb1 g4 23. Ne4 Qg6 24. Rxf7 Rxf7 25. Rf1 Rxf1+ 26. Qxf1 c4 27. d4 Qxe4 28. dxe5 dxe5 29. Qf2 Qb1+ 30. Be1 Bf8 31. Qe2 Bc5+ 32. Kh1 Qd3 33. Qxg4+ Kh7 34. Qf3 Qxf3 35. gxf3 Be3 36. Bg3 Bc1 37. Bxe5 Bxb2 38. a5 Kg6 39. Kg2 Kf5 40. Bg7 h5 41. Kf2 Bc1 42. Ke2 Bf4 43. h3 Bc7 44. Ke3 Bxa5 45. Kd4 b5 46. Bh6 Bd8 47. Kc5 Bg5 48. Bf8 Bf6 49. Kb6 Bxc3 50. Kxa6 b4 51. Kb5 b3 52. Ba3 b2 53. Bxb2 Bxb2 54. Kxc4 Kf4 55. Kd3 Kxf3 56. Kd2 Bd4 57. Ke1 h4 58. Kf1 Kg3 59. Ke2 Kxh3 60. Kf3 Kh2 0-1

[Event "Wolfsburg op-A"]
[Site "Wolfsburg"]
[Date "2024.11.17"]
[Round "5"]
[White "Bogdanov, Egor"]
[Black "Richter, Michael"]
[Result "1-0"]
[WhiteElo "2476"]
[BlackElo "2413"]
[PlyCount "135"]
[EventDate "2024.11.15"]
[EventType "swiss"]
[EventRounds "5"]
[EventCountry "GER"]
[SourceTitle "CB49_2024"]
[SourceDate "2024.12.04"]
[SourceVersion "1"]
[SourceVersionDate "2024.12.04"]
[SourceQuality "1"]

1. e4 c6 2. d4 d5 3. Nc3 dxe4 4. Nxe4 Nf6 5. Nxf6+ exf6 6. c3 Bd6 7. Bd3 0-0 8. Qc2 Re8+ 9. Ne2 h5 10. 0-0 h4 11. Nf4 Nd7 12. Qd1 Nf8 13. Qh5 Bxf4 14. Bxf4 h3 15. gxh3 Ng6 16. Bg3 Be6 17. f4 f5 18. Bxf5 Bxf5 19. Qxf5 Re2 20. Qg4 Rxb2 21. f5 Nf8 22. Rae1 Nh7 23. Bh4 Qd6 24. Re2 Rxe2 25. Qxe2 Qh6 26. Qe7 Nf6 27. Bxf6 Qxf6 28. Qxf6 gxf6 29. Kf2 Rd8 30. Ke3 Rd5 31. Rb1 b6 32. Kf4 Ra5 33. Rb4 Rxa2 34. Rc4 c5 35. dxc5 bxc5 36. Rxc5 Rxh2 37. c4 Rxh3 38. Rc8+ Kg7 39. Ke4 Rh4+ 40. Kd3 Rf4 41. Rc5 Kh6 42. Rd5 Rf1 43. Kc3 Rc1+ 44. Kb4 Kg5 45. c5 Kf4 46. Kb5 Ke4 47. Kc6 a5 48. Kd6 a4 49. c6 a3 50. Ra5 Rd1+ 51. Ke7 Rc1 52. Kd7 Rd1+ 53. Kc8 a2 54. Rxa2 Kxf5 55. Rc2 Rh1 56. c7 Ke6 57. Kb7 Rh8 58. c8Q+ Rxc8 59. Rxc8 Kd5 60. Rd8+ Ke4 61. Kc6 f5 62. Kc5 f4 63. Kc4 Ke3 64. Kc3 f3 65. Re8+ Kf2 66. Kd2 Kg1 67. Rg8+ Kf1 68. Rf8 1-0

[Event "Wolfsburg op-A"]
[Site "Wolfsburg"]
[Date "2024.11.16"]
[Round "3"]
[White "Bogdanov, Egor"]
[Black "Moser, Axel"]
[Result "1-0"]
[WhiteElo "2476"]
[BlackElo "2149"]
[PlyCount "71"]
[EventDate "2024.11.15"]
[EventType "swiss"]
[EventRounds "5"]
[EventCountry "GER"]
[SourceTitle "CB49_2024"]
[SourceDate "2024.12.04"]
[SourceVersion "1"]
[SourceVersionDate "2024.12.04"]
[SourceQuality "1"]

1. e4 e5 2. Bc4 Nc6 3. Nc3 Nf6 4. d3 Bb4 5. Nge2 d5 6. exd5 Nxd5 7. 0-0 Be6 8. Bxd5 Bxd5 9. f4 f6 10. fxe5 Nxe5 11. Nxd5 Qxd5 12. c3 Be7 13. Nf4 Qd7 14. d4 0-0-0 15. Qe2 Ng6 16. Ne6 Rdg8 17. Bf4 Bd6 18. Bxd6 Qxd6 19. Nc5 Re8 20. Qf3 Qc6 21. Qxc6 bxc6 22. Rae1 Rhg8 23. g3 Kd8 24. Kf2 Ne7 25. Re6 Nf5 26. Rxc6 Ne3 27. Rh1 Ng4+ 28. Kf3 f5 29. Re6 Rxe6 30. Nxe6+ Kd7 31. Nc5+ Kd8 32. h3 Nf6 33. Re1 Nd7 34. Nxd7 Kxd7 35. Re5 g6 36. Ra5 1-0

[Event "Wolfsburg op-A"]
[Site "Wolfsburg"]
[Date "2024.11.15"]
[Round "1"]
[White "Bogdanov, Egor"]
[Black "Heirich, Andreas"]
[Result "1-0"]
[WhiteElo "2476"]
[BlackElo "1933"]
[PlyCount "73"]
[EventDate "2024.11.15"]
[EventType "swiss"]
[EventRounds "5"]
[EventCountry "GER"]
[SourceTitle "CB49_2024"]
[SourceDate "2024.12.04"]
[SourceVersion "1"]
[SourceVersionDate "2024.12.04"]
[SourceQuality "1"]

1. e4 c6 2. d4 d5 3. Nc3 dxe4 4. Nxe4 Bf5 5. Ng3 Bg6 6. Nh3 e6 7. Nf4 Bd6 8. Ngh5 Bxf4 9. Nxf4 Ne7 10. Be2 Nd7 11. 0-0 0-0 12. Nxg6 hxg6 13. c3 Qc7 14. Bg5 Nf6 15. Bf3 Nh7 16. Bd2 Nf6 17. g3 Rad8 18. Bf4 Qb6 19. Qc2 Nfd5 20. Bg5 Qc7 21. Rad1 Qa5 22. Bxd5 Nxd5 23. Bxd8 Qxd8 24. c4 Nf6 25. Rfe1 Nh5 26. Qb3 Qg5 27. Qxb7 Nf4 28. Qxc6 Nh3+ 29. Kg2 Qf5 30. Qf3 Ng5 31. Qxf5 gxf5 32. d5 exd5 33. Rxd5 g6 34. Re7 Rc8 35. b3 Kf8 36. Rxa7 Re8 37. h4 1-0

[Event "Muensterland op 41st"]
[Site "Muenster"]
[Date "2024.10.13"]
[Round "3"]
[White "Bilenko, Yaroslav"]
[Black "Bogdanov, Egor"]
[Result "0-1"]
[WhiteElo "2038"]
[BlackElo "2476"]
[PlyCount "124"]
[EventDate "2024.10.12"]
[EventType "swiss"]
[EventRounds "9"]
[EventCountry "GER"]
[SourceTitle "CB43_2024"]
[Source "Chessbase"]
[SourceDate "2024.10.23"]
[SourceVersion "1"]
[SourceVersionDate "2024.10.23"]
[SourceQuality "1"]

1. e4 e6 2. d4 d5 3. e5 c5 4. c3 Nc6 5. Nf3 Qb6 6. Bd3 cxd4 7. 0-0 Bd7 8. Re1 Rc8 9. Nbd2 dxc3 10. bxc3 Nge7 11. Rb1 Qc7 12. c4 dxc4 13. Nxc4 Nd5 14. Ng5 Be7 15. Qf3 Nd8 16. Qg3 h6 17. Ne4 Kf8 18. Ncd6 Rb8 19. Bd2 Bc6 20. Rec1 a6 21. a4 f5 22. exf6 gxf6 23. Bc4 Bxd6 24. Nxd6 Qg7 25. Bxa6 Qxg3 26. hxg3 Ke7 27. Nc4 Ra8 28. Bb5 Bxb5 29. axb5 e5 30. Ne3 Nxe3 31. Bxe3 Ne6 32. Ra1 Rxa1 33. Rxa1 Nc7 34. Bc5+ Ke6 35. b6 Nd5 36. f3 h5 37. Bf2 Kd6 38. Ra4 Rc8 39. Rh4 Rc1+ 40. Kh2 Rf1 41. Bg1 Rb1 42. Rxh5 Nxb6 43. g4 Nd5 44. g5 fxg5 45. Rxg5 Nf4 46. Be3 Ne6 47. Rg6 Kd5 48. Rh6 b5 49. Rh5 Re1 50. Bd2 Rf1 51. Bc3 Nd4 52. Bd2 Rf2 53. Be3 Re2 54. Bxd4 Kxd4 55. f4 b4 56. fxe5 Rxe5 57. Rh8 Re3 58. g3 b3 59. Kh3 b2 60. Rb8 Kc3 61. Kh4 Re4+ 62. g4 Rb4 0-1

[Event "Warsaw Maciei Memorial Blitz"]
[Site "Warsaw"]
[Date "2024.07.08"]
[Round "4"]
[White "Kosakowski, Jakub"]
[Black "Bogdanov, Egor"]
[Result "0-1"]
[WhiteElo "2485"]
[BlackElo "2458"]
[PlyCount "34"]
[EventDate "2024.07.08"]
[EventType "swiss (blitz)"]
[EventRounds "11"]
[EventCountry "POL"]
[SourceTitle "CBM 221 Extra"]
[Source "ChessBase"]
[SourceDate "2024.09.30"]
[SourceVersion "1"]
[SourceVersionDate "2024.09.30"]
[SourceQuality "1"]

1. e4 c5 2. Nf3 d6 3. d4 cxd4 4. Nxd4 Nf6 5. Nc3 g6 6. Be3 Bg7 7. f3 0-0 8. Qd2 Nc6 9. 0-0-0 d5 10. Nxc6 bxc6 11. Bh6 Be6 12. e5 Nd7 13. h4 Bxe5 14. Bxf8 Nxf8 15. h5 Rb8 16. hxg6 Nxg6 17. Bd3 Bf4 0-1

[Event "Warsaw Maciei Memorial Blitz"]
[Site "Warsaw"]
[Date "2024.07.08"]
[Round "6"]
[White "Zebracki, Tomasz"]
[Black "Bogdanov, Egor"]
[Result "0-1"]
[WhiteElo "2225"]
[BlackElo "2458"]
[PlyCount "51"]
[EventDate "2024.07.08"]
[EventType "swiss (blitz)"]
[EventRounds "11"]
[EventCountry "POL"]
[SourceTitle "CBM 221 Extra"]
[Source "ChessBase"]
[SourceDate "2024.09.30"]
[SourceVersion "1"]
[SourceVersionDate "2024.09.30"]
[SourceQuality "1"]

1. d4 Nf6 2. Bf4 g6 3. Nc3 c5 4. d5 d6 5. e4 Bg7 6. Nf3 0-0 7. Qd2 a6 8. a4 Qa5 9. Ra2 Qb4 10. Bd3 Bg4 11. Ne2 Bxf3 12. Qxb4 cxb4 13. gxf3 Nbd7 14. a5 Nc5 15. Bc4 Rac8 16. b3 Nfd7 17. Bd2 Ne5 18. Ng1 Nxc4 19. bxc4 Nd7 20. Bxb4 Rxc4 21. Bd2 Rfc8 22. Kd1 Ne5 23. f4 Ng4 24. Nh3 Rd4 25. f3 Ne3+ 26. Kc1 0-1